000 00341pam a2200133 a 4500
020 _a9814-12-691-8
_c
041 _h
082 _a005
_bTUR
100 _aTURBAN RAINER POTTER
245 _aINTRODUCTION TO INFORMATION TECHNOLOGY
_hTextual Documents
260 _aNEW YORK
_bJOHN WIEY and SONS. INC.
_c2004
300 _a526
930 _a14310
999 _c133621
_d133621